| 000 | 00532nam a2200181Ia 4500 | ||
|---|---|---|---|
| 999 |
_c1599 _d1599 |
||
| 003 | OSt | ||
| 005 | 20200929094746.0 | ||
| 008 | 190216s9999||||xx |||||||||||||| ||und|| | ||
| 020 | _a8185041172 | ||
| 040 | _coclc | ||
| 082 |
_a599.0954 _bJAY/F |
||
| 100 |
_aJayson, E A _95100 |
||
| 245 | 0 |
_aA Field Guide To Animal Signs / _cE A Jayson ; P S Easa |
|
| 260 |
_bKerala Forest Research Institution, _aPeechi: _c2004. |
||
| 300 | _a56p | ||
| 650 | _aBotany | ||
| 942 |
_cBK _2ddc _h599.0954 _iJAY/F _k599.0954 _mJAY/F |
||